Справочник газосварщика и газорезчика (Запись № 11082113)

Подробности
000 -МАРКЕР
контрольное поле 01620nam0a2200349 4500
001 - ИДЕНТИФИКАТОР ЗАПИСИ
контрольное поле RU\NLR\BIBL_A\011321694
005 - ИДЕНТИФИКАТОР ВЕРСИИ
контрольное поле 20260405184524.0
010 ## - МЕЖДУНАРОДНЫЙ СТАНДАРТНЫЙ НОМЕР КНИГИ (ISBN)
Номер (ISBN) 5-06-003452-6
010 ## - МЕЖДУНАРОДНЫЙ СТАНДАРТНЫЙ НОМЕР КНИГИ (ISBN)
Номер (ISBN) 5-7695-0199-5
Тираж 9000
035 ## - ДРУГИЕ СИСТЕМНЫЕ НОМЕРА
Идентификатор записи (NLR Aleph) 011321694
100 ## - ДАННЫЕ ОБЩЕЙ ОБРАБОТКИ
Данные общей обработки 20170207d1997 |||y0rusy50 ca
101 0# - ЯЗЫК РЕСУРСА
Язык текста, звукозаписи и т.д. русский
102 ## - СТРАНА ПУБЛИКАЦИИ ИЛИ ПРОИЗВОДСТВА
Страна публикации Российская Федерация
105 ## - ПОЛЕ КОДИРОВАННЫХ ДАННЫХ: ТЕКСТОВЫЕ МАТЕРИАЛЫ, МОНОГРАФИЧЕСКИЕ
Кодированные данные о монографическом текстовом документе a|||g|||000zy
200 1# - ЗАГЛАВИЕ И СВЕДЕНИЯ ОБ ОТВЕТСТВЕННОСТИ
Основное заглавие Справочник газосварщика и газорезчика
Первые сведения об ответственности Н.И. Никифоров, С.П. Нешумова, И.А. Антонов
205 ## - СВЕДЕНИЯ ОБ ИЗДАНИИ
Сведения об издании 2-е изд., испр.
210 ## - ПУБЛИКАЦИЯ, РАСПРОСТРАНЕНИЕ И ДР.
Место издания, распространения и т.д. Москва
Имя издателя, распространителя и т. д. Высшая школа
-- Издательский центр "Академия"
Дата издания, распространения и т.д. 1997
215 ## - ФИЗИЧЕСКАЯ ХАРАКТЕРИСТИКА
Специфическое обозначение материала и объем 239 с.
Другие сведения о физической характеристике ил.
Размеры 20
225 1# - СЕРИЯ
Основное заглавие серии Профессия
320 ## - ПРИМЕЧАНИЯ О НАЛИЧИИ В ДОКУМЕНТЕ БИБЛИОГРАФИИ / УКАЗАТЕЛЯ
Текст примечания Библиогр.: с. 237
606 ## - НАИМЕНОВАНИЕ ТЕМЫ КАК ПРЕДМЕТ
Наименование темы Газовая сварка
Формальный подзаголовок Справочники
Системный номер авторитетной/нормативной записи 1068413
Идентификатор авторитетной/нормативной записи RU\NLR\AUTH\6697260
606 ## - НАИМЕНОВАНИЕ ТЕМЫ КАК ПРЕДМЕТ
Наименование темы Газовая резка
Формальный подзаголовок Справочники
Системный номер авторитетной/нормативной записи 1068412
Идентификатор авторитетной/нормативной записи RU\NLR\AUTH\6697258
686 1# - ИНДЕКСЫ ДРУГИХ КЛАССИФИКАЦИЙ
Индекс К641.3я22
700 #1 - ИМЯ ЛИЦА - ПЕРВИЧНАЯ ОТВЕТСТВЕННОСТЬ
Графика поля Кириллица
Материалы, к которым относится поле rus
Начальный элемент ввода Никифоров
Часть имени, кроме начального элемента ввода Н. И.
Дополнения к именам, кроме дат д-р техн. наук, газопламенная обработка металлов
Расширение инициалов личного имени Николай Иванович
Системный номер авторитетной/нормативной записи 63907
Идентификатор авторитетной/нормативной записи RU\NLR\AUTH\7780979
701 #1 - ИМЯ ЛИЦА - АЛЬТЕРНАТИВНАЯ ОТВЕТСТВЕННОСТЬ
Начальный элемент ввода Нешумова
Часть имени, кроме начального элемента ввода С. П.
Расширение инициалов личного имени Светлана Петровна
701 #1 - ИМЯ ЛИЦА - АЛЬТЕРНАТИВНАЯ ОТВЕТСТВЕННОСТЬ
Графика поля Кириллица
Материалы, к которым относится поле rus
Начальный элемент ввода Антонов
Часть имени, кроме начального элемента ввода И. А.
Дополнения к именам, кроме дат канд. техн. наук
Расширение инициалов личного имени Игорь Александрович
Системный номер авторитетной/нормативной записи 169280
Идентификатор авторитетной/нормативной записи RU\NLR\AUTH\770169330
852 ## - МЕСТОНАХОЖДЕНИЕ И ШИФР ХРАНЕНИЯ
Идентификатор организации NLR
Шифр хранения (Call Number) 98-3/9632
942 ## - ДОПОЛНИТЕЛЬНЫЕ ЭЛЕМЕНТЫ ЗАПИСИ (АБИС)
Тип экземпляра АБИС Книга
980 ## - КОЛЛЕКЦИЯ
Название коллекции Национальная библиография
Экземпляры
Тип экземпляра Дата поступления Библиотека постоянного хранения Библиотека текущего хранения Место хранения Шифр хранения Штрих-код Статус экземпляра Источник поступления Стоимость
Книга 30.09.2019 РНБ (Московский) РНБ (Московский) Обменный фонд   1-938391   Подсобные фонды РНБ 75.00
Книга 07.02.2017 РНБ (Садовая) РНБ (Садовая) Универсальный читальный зал Нз К641.3/Н-627 1-1713750